Pokemon Mega Evolutions by Picture - Statistics

General Stats
  • This quiz has been taken 170 times
  • The average score is 44 of 50
Answer Stats
Picture Answer % Correct
Mega Alakazam
99%
Mega Blastoise
99%
Mega Charizard X
99%
Mega Gengar
99%
Mega Charizard Y
98%
Mega Venusaur
98%
Mega Houndoom
96%
Mega Pinsir
95%
Mega Aerodactyl
94%
Mega Lucario
94%
Mega Mewtwo X
94%
Mega Blaziken
93%
Mega Mewtwo Y
93%
Mega Tyranitar
93%
Mega Gyarados
92%
Mega Beedrill
91%
Mega Garchomp
91%
Mega Gardevoir
91%
Mega Pidgeot
91%
Mega Steelix
91%
Mega Kangaskhan
90%
Mega Scizor
90%
Mega Ampharos
89%
Mega Latias
89%
Mega Slowbro
89%
Mega Absol
88%
Mega Heracross
88%
Mega Latios
88%
Mega Sharpedo
88%
Mega Aggron
86%
Mega Mawile
84%
Mega Metagross
84%
Mega Rayquaza
84%
Mega Sceptile
84%
Mega Gallade
83%
Mega Lopunny
83%
Mega Swampert
82%
Mega Altaria
81%
Mega Sableye
81%
Mega Salamence
81%
Mega Abomasnow
80%
Mega Banette
79%
Mega Camerupt
79%
Primal Groudon
79%
Mega Manectric
77%
Mega Medicham
77%
Primal Kyogre
77%
Mega Glalie
73%
Mega Diancie
71%
Mega Audino
70%
No matching quizzes found
Score Distribution
Percent of People with Each Score
Percentile by Number Answered
Your Score History
You have not taken this quiz